Представление документа в формате MARC21

Поле Инд. ПП Название Значение
Тип записи a
Библиографический уровень b
001 Контрольный номер RU/IS/BASE/294252730
005 Дата корректировки 20221025145103.4
008 Кодируемые данные 20090428
040 b Код языка каталог. rus
e Правила каталог. PSBO
041 0_ a Код языка текста rus
084 a Индекс другой классификации/Индекс ББК 81.471.1-03-22-8
100 1_ a Автор Школьникова О. Ю.
245 10 a Заглавие Особенности среднефранцузского синтаксиса на примере рукописи XV в.
500 a Примечание В конце статьи дан перевод Пролога Жития святого Этьена
504 a Библиография Примеч.: с. 91
650 14 a Основная рубрика грамматика
a Основная рубрика перевод
a Основная рубрика филологические науки
a Основная рубрика французский язык
a Основная рубрика частное языкознание
a Основная рубрика языкознание; синтаксис
a Основная рубрика история языка
653 0_ a Ключевые слова XV век
a Ключевые слова Житие святого Этьена
a Ключевые слова латинский язык
a Ключевые слова подчинительная связь
a Ключевые слова порядок слов
a Ключевые слова предложение
a Ключевые слова сочинительная связь
a Ключевые слова старофранцузский язык
773 08 t Заглавие источника Вестник Московского университета. Серия 9, Филология
d Дата издания источника 2008
g Прочая информация № 6. - С. 84 - 91
w Контрольный № источника RU/IS/BASE/293109115
901 t Тип документа b